000 00310nam a2200121Ia 4500
008 191201s2007 xx 000 0 und d
100 _aCHARY, S.N.
245 0 _aTheory and Problems in Production and Operations Management
260 _aN. Delhi
_bTMH
_c2007
300 _a681
650 _aBBA
942 _2ddc
_cBK
999 _c6583
_d6583